| 000 | 00676nam a2200205 a 4500 | ||
|---|---|---|---|
| 001 | 000042596 | ||
| 005 | 20201002040248.0 | ||
| 008 | 140130s1998 sp 000 0 spa d | ||
| 020 | _a8400077407 | ||
| 040 |
_aDO-SdBNP _bspa _cBNPHU |
||
| 082 |
_axxx _bxxx |
||
| 100 | 1 |
_aGagnon, Alain-G _969846 |
|
| 245 | 1 | 0 |
_aQuebec y el federalismo canadiense. / _cAlain-G Gagnon. |
| 260 |
_aMadrid, : _bConsejo Superior de Investigaciones Científicas _bInstituto de Estudios Sociales Avanzados, _c1998. |
||
| 300 |
_a263 p. ; _c24 cm. |
||
| 490 | 1 |
_aPoliteya _v12 |
|
| 504 | _aBibliografías p: 245-263 | ||
| 500 | _aIncluye referencias bibliografícas | ||
| 830 | 0 |
_aPoliteya _v12 _967596 |
|
| 999 |
_c42085 _d42085 |
||